LEADER 01219nam2 2200325 450 001 000040359 005 20150210111215.0 010 $a2-251-00217-0 100 $a20150210d1983----km-y0itaa50------ba 101 2 $agrc$afre 102 $aFR 200 1 $aPhèdre$fPlaton$gtexte établi et traduit par Léon Robin 205 $aNeuvième tirage 210 $aParis$c<> belles lettres$d1983 215 $aCLXXXV, 96 p.$d20 cm 225 2 $aCollection des universités de France 300 $aTraduzione francese con testo greco a fronte 410 0$12001$aCollection des universités de France 461 1$1001000040352$12001$aOeuvres complètes / Platon$vvol. 4.3 500 11$aPhaedrus / Plato$913158 676 $a184$v(22. ed.)$9Filosofia platonica 700 0$aPlato$f<427-347 a.C.>$0292329 702 1$aRobin,$bLéon 801 0$aIT$bUniversità della Basilicata - B.I.A.$gREICAT$2unimarc 912 $a000040359 996 $aCollection des Universit?s de France$913158 997 $aUNIBAS CAT $aEXT013$b01$c20150210$lBAS01$h1112 FMT Z30 -1$lBAS01$LBAS01$mBOOK$1BASA1$APolo Storico-Umanistico$2GEN$BCollezione generale$3Class536$612141$5L12141$820150210$f02$FPrestabile Generale